[Event "CAN-op"]
[Site "Edmonton CAN"]
[Date "1985.07.20"]
[Round "9"]
[White "Leflar, Dave"]
[Black "Brodie, Hugh"]
[Result "0-1"]
[WhiteElo "1801"]
[BlackElo "1948"]
[PlyCount "80"]
[EventDate "1985.07.13"]
[EventType "swiss"]
[EventRounds "10"]
[EventCountry "CAN"]

1. g3 e5 2. Bg2 Nc6 3. c4 Nf6 4. Nc3 d6 5. d3 g6 6. Nf3 Bg7 7. O-O O-O 8. h3
Ne8 9. Rb1 f5 10. Bg5 Qd7 11. Bd2 h6 12. Qc1 Kh7 13. b4 Qf7 14. b5 Nd8 15. a4
Ne6 16. Nh4 Nc5 17. Be3 g5 18. Bxc5 dxc5 19. Nf3 Rb8 20. Nd5 b6 21. Nd2 Nf6 22.
Nxf6+ Qxf6 23. Rb3 Bb7 24. Bxb7 Rxb7 25. Nb1 c6 26. Nc3 cxb5 27. Nd5 Qe6 28.
axb5 e4 29. Qc2 Kh8 30. Kg2 Bd4 31. e3 exd3 32. Rxd3 Be5 33. Re1 Bb8 34. Rdd1
Rbf7 35. Re2 Qg6 36. Rh1 Qg7 37. h4 f4 38. exf4 gxf4 39. Re4 fxg3 40. fxg3
Qxg3# 0-1

[Event "CAN-op"]
[Site "Edmonton CAN"]
[Date "1985.07.21"]
[Round "10"]
[White "Brodie, Hugh"]
[Black "Rasmussen, Barry"]
[Result "1-0"]
[WhiteElo "1948"]
[BlackElo "1848"]
[PlyCount "39"]
[EventDate "1985.07.13"]
[EventType "swiss"]
[EventRounds "10"]
[EventCountry "CAN"]

1. f4 d5 2. e3 Nf6 3. Nf3 c5 4. b3 g6 5. Bb2 Bg7 6. Bb5+ Bd7 7. Qe2 O-O 8. O-O
a6 9. Bxd7 Nbxd7 10. d3 Qb6 11. Nbd2 Rfc8 12. c4 dxc4 13. Nxc4 Qd8 14. Nce5 Nd5
15. Nxf7 Kxf7 16. Ng5+ Kg8 17. Bxg7 h6 18. Bxh6 e5 19. fxe5 Nxe5 20. Rf8+ 1-0

[Event "Westmount-Lasalle match"]
[Site "Montreal CAN"]
[Date "1985.05.10"]
[Round "1"]
[White "Brodie, Hugh"]
[Black "Michaud, Gerald"]
[Result "1/2-1/2"]
[WhiteElo "1930"]
[BlackElo "1784"]
[PlyCount "81"]
[EventDate "1985.05.10"]
[EventType "team"]
[EventRounds "1"]
[EventCountry "CAN"]

1. f4 Nf6 2. Nf3 b6 3. b3 Bb7 4. e3 e6 5. Bb2 Be7 6. Be2 d5 7. O-O O-O 8. Ne5
Nfd7 9. d3 c5 10. Nd2 Nc6 11. Ndf3 Qc7 12. c4 Rae8 13. Rc1 Bd6 14. d4 f6 15.
Nxd7 Qxd7 16. Bd3 cxd4 17. Nxd4 Nb4 18. Bb1 dxc4 19. bxc4 Bc5 20. Qg4 f5 21.
Qe2 Qe7 22. Nf3 Nc6 23. Rcd1 Rd8 24. Kh1 Na5 25. Ne5 Nc6 26. Nd3 Ba3 27. Ba1
Rd7 28. Ne5 Nxe5 29. Bxe5 Rfd8 30. Bc2 Bb4 31. Rxd7 Rxd7 32. Rd1 Qd8 33. Rxd7
Qxd7 34. Qd3 Qc6 35. Qe2 Bd6 36. Bxd6 Qxd6 37. h3 Qc6 38. Bb3 Kf8 39. Qb2 Kf7
40. Qe2 Ke7 41. Qb2 1/2-1/2

[Event "Ledain mem"]
[Site "Montreal CAN"]
[Date "1985.03.09"]
[Round "1"]
[White "Brodie, Hugh"]
[Black "Girouard, Michel"]
[Result "1/2-1/2"]
[WhiteElo "1952"]
[BlackElo "1742"]
[PlyCount "93"]
[EventDate "1985.03.09"]
[EventType "swiss"]
[EventRounds "4"]
[EventCountry "CAN"]

1. f4 f5 2. e4 fxe4 3. Nc3 Nf6 4. d3 e3 5. Bxe3 g6 6. Nf3 Bg7 7. d4 O-O 8. Bd3
b6 9. Qe2 Bb7 10. f5 gxf5 11. Bxf5 e6 12. Bd3 Nh5 13. Ng5 Nf6 14. O-O Nc6 15.
Nce4 h6 16. Nxf6+ Rxf6 17. Rxf6 Bxf6 18. Nh7 Nb4 19. Bg6 Nd5 20. Bxh6 Bxd4+ 21.
Kh1 Qh4 22. Bg5 Nf4 23. Bxh4 Nxe2 24. c3 Bxg2+ 25. Kxg2 Nf4+ 26. Kg3 Nxg6 27.
cxd4 Nxh4 28. Nf6+ Kf7 29. Kxh4 Kxf6 30. Rf1+ Kg6 31. Kg4 Rg8 32. Rf4 Rg7 33.
Rf8 Rf7 34. Rg8+ Kh7 35. Ra8 a5 36. Rc8 d6 37. Re8 Rg7+ 38. Kh5 Rg6 39. Re7+
Rg7 40. Rxe6 Rf7 41. h4 Rf5+ 42. Kg4 Rd5 43. Re7+ Kg6 44. Re6+ Kf7 45. Re4 Kg6
46. Re6+ Kf7 47. Re4 1/2-1/2

[Event "Ledain mem"]
[Site "Montreal CAN"]
[Date "1985.03.09"]
[Round "2"]
[White "Filion, Claude"]
[Black "Brodie, Hugh"]
[Result "0-1"]
[WhiteElo "1741"]
[BlackElo "1952"]
[PlyCount "50"]
[EventDate "1985.03.09"]
[EventType "swiss"]
[EventRounds "4"]
[EventCountry "CAN"]

1. e4 c5 2. Nf3 Nc6 3. c3 d5 4. Bd3 Bg4 5. O-O Nf6 6. Re1 dxe4 7. Bxe4 Nxe4 8.
Rxe4 Bf5 9. Rf4 e6 10. Qe2 Bd3 11. Qe3 Be7 12. b3 O-O 13. Bb2 b6 14. c4 Nb4 15.
Na3 Bf5 16. Ne5 Bg5 17. Qg3 Bxf4 18. Qxf4 f6 19. g4 fxe5 20. Qxe5 Qg5 21. f3
Nd3 22. h4 Nxe5 23. hxg5 Nxf3+ 24. Kg2 Bxg4 25. Kg3 Bh5 0-1

[Event "Ledain mem"]
[Site "Montreal CAN"]
[Date "1985.03.10"]
[Round "3"]
[White "Brodie, Hugh"]
[Black "Saint Amand, Paul"]
[Result "0-1"]
[WhiteElo "1952"]
[BlackElo "2050"]
[PlyCount "42"]
[EventDate "1985.03.09"]
[EventType "swiss"]
[EventRounds "4"]
[EventCountry "CAN"]

1. e4 c5 2. Nf3 d6 3. Nc3 Nf6 4. d3 Nc6 5. g3 g6 6. Bg2 Bg7 7. O-O O-O 8. Nh4
Bd7 9. f4 Rb8 10. f5 b5 11. a3 b4 12. axb4 cxb4 13. Ne2 Qb6+ 14. d4 Na5 15. Kh1
Bb5 16. c3 bxc3 17. bxc3 Bc4 18. Ba3 Nb3 19. Bf3 Nxa1 20. Qxa1 Nxe4 21. fxg6
hxg6 0-1

[Event "Pere Noel"]
[Site "Montreal CAN"]
[Date "1984.12.26"]
[Round "1"]
[White "Brodie, Hugh"]
[Black "Cossette, Daniel"]
[Result "0-1"]
[WhiteElo "1955"]
[BlackElo "1770"]
[PlyCount "76"]
[EventDate "1984.12.26"]
[EventType "swiss"]
[EventCountry "CAN"]

1. f4 e5 2. fxe5 d6 3. exd6 Bxd6 4. Nf3 g5 5. g3 h5 6. d4 g4 7. Nh4 Be7 8. Ng2
Nc6 9. c3 h4 10. Qd3 hxg3 11. Qxg3 Rh3 12. Qf4 Nf6 13. Ne3 Bd6 14. Qf2 Ne4 15.
Qg2 Qh4+ 16. Kd1 Nf2+ 17. Kc2 Nxh1 18. Qxh1 Qh7+ 19. Kd1 Rxh2 20. Qg1 Rh1 21.
Qg2 g3 22. Nd2 Rh2 23. Qf3 Rf2 24. Qd5 Ne7 25. Qb3 Qh1 26. Kc2 Bf5+ 27. Nxf5
Nxf5 28. Qb5+ Kf8 29. Qd3 Rxf1 30. Nxf1 g2 31. Qxf5 g1=Q 32. Bg5 Qgg2 33. Kd2
Qe4 34. Qb5 Bf4+ 35. Bxf4 Qxf4+ 36. Kc2 Qhe4+ 37. Kb3 Qd6 38. Qh5 Qed5+ 0-1

[Event "Pere Noel"]
[Site "Montreal CAN"]
[Date "1984.12.27"]
[Round "2"]
[White "Destree, Frederic"]
[Black "Brodie, Hugh"]
[Result "0-1"]
[WhiteElo "1695"]
[BlackElo "1955"]
[PlyCount "86"]
[EventDate "1984.12.26"]
[EventType "swiss"]
[EventCountry "CAN"]

1. e4 c5 2. Nf3 Nc6 3. d4 cxd4 4. Nxd4 g6 5. c4 Bg7 6. Be3 Nf6 7. Nc3 Ng4 8.
Nxc6 Nxe3 9. Nxd8 Nxd1 10. Rxd1 Kxd8 11. c5 Bxc3+ 12. bxc3 Kc7 13. Bb5 b6 14.
cxb6+ axb6 15. Bc4 d6 16. h4 Be6 17. Bb3 Bxb3 18. axb3 Ra3 19. Rb1 Rha8 20. O-O
Ra2 21. c4 Re2 22. Rfe1 Raa2 23. Rxe2 Rxe2 24. f3 Ra2 25. e5 dxe5 26. Re1 Kd6
27. Rd1+ Kc6 28. Re1 Kd6 29. Rd1+ Ke6 30. Rd5 f6 31. g4 h6 32. Rb5 Ra6 33. Kf2
Kd6 34. Ke3 Kc6 35. f4 exf4+ 36. Kxf4 Ra1 37. Kf3 Rh1 38. Kg3 e6 39. h5 gxh5
40. gxh5 Rg1+ 41. Kf4 Rg5 42. Rxg5 fxg5+ 43. Ke5 Kc5 0-1

[Event "Pere Noel"]
[Site "Montreal CAN"]
[Date "1984.12.28"]
[Round "3"]
[White "Brodie, Hugh"]
[Black "Quang, Bui Duy"]
[Result "1/2-1/2"]
[WhiteElo "1955"]
[BlackElo "1950"]
[PlyCount "97"]
[EventDate "1984.12.26"]
[EventType "swiss"]
[EventCountry "CAN"]

1. e4 e6 2. Nf3 d5 3. e5 c5 4. b4 b6 5. c3 Qd7 6. bxc5 bxc5 7. d4 Ba6 8. Bxa6
Nxa6 9. Qe2 Qa4 10. O-O Ne7 11. Be3 Nc6 12. Nbd2 Be7 13. dxc5 Nxc5 14. c4 Qa6
15. Rfe1 Rd8 16. cxd5 Qxe2 17. Rxe2 Rxd5 18. Nc4 O-O 19. Ne1 Nxe5 20. Bxc5 Bxc5
21. Nxe5 Bd4 22. Nc6 Bxa1 23. Ne7+ Kh8 24. Nxd5 exd5 25. Re7 Bc3 26. Nd3 a5 27.
Kf1 Kg8 28. Nf4 Rd8 29. Nxd5 Kf8 30. Rc7 Rxd5 31. Rxc3 Ke7 32. Rc7+ Ke6 33. Ke2
Rd4 34. Ke3 Ra4 35. Rc2 h5 36. Kd3 Kd6 37. Kc3 Kc5 38. Kb3+ Kb5 39. a3 Rf4 40.
Re2 f6 41. f3 h4 42. Re4 g5 43. a4+ Kb6 44. Re6+ Kc5 45. Re3 Rb4+ 46. Ka3 Rd4
47. Re6 Rd3+ 48. Kb2 Rd6 49. Re2 1/2-1/2

[Event "Pere Noel"]
[Site "Montreal CAN"]
[Date "1984.12.29"]
[Round "4"]
[White "Mongeau, Diane"]
[Black "Brodie, Hugh"]
[Result "0-1"]
[WhiteElo "1601"]
[BlackElo "1955"]
[PlyCount "78"]
[EventDate "1984.12.26"]
[EventType "swiss"]
[EventCountry "CAN"]

1. d4 Nf6 2. c4 e5 3. dxe5 Ng4 4. Nf3 Nc6 5. Nc3 Ngxe5 6. e3 Bb4 7. Bd2 O-O 8.
a3 Bxc3 9. Bxc3 d6 10. Be2 Be6 11. b3 Nxf3+ 12. gxf3 d5 13. Rg1 f6 14. c5 Qe7
15. Qc2 d4 16. exd4 Bd5 17. O-O-O f5 18. Bd3 Qf7 19. Bc4 Rad8 20. Rg3 Rfe8 21.
Rdg1 g6 22. h4 Bxc4 23. h5 Re2 24. Qd1 Qd5 25. hxg6 h6 26. Rh1 Rde8 27. Rxh6
Bxb3 28. Rh8+ Kg7 29. Rh7+ Kg8 30. Rh8+ Kxh8 31. Qh1+ Kg8 32. Qh7+ Kf8 33. g7+
Ke7 34. g8=Q+ Kd8 35. Qxe8+ Rxe8 36. Rg7 Qe6 37. Qh4+ Kc8 38. Kb2 Ba4 39. d5
Qe2+ 0-1

[Event "Pere Noel"]
[Site "Montreal CAN"]
[Date "1984.12.30"]
[Round "5"]
[White "Desforges, Jean"]
[Black "Brodie, Hugh"]
[Result "1/2-1/2"]
[WhiteElo "1965"]
[BlackElo "1955"]
[PlyCount "91"]
[EventDate "1984.12.26"]
[EventType "swiss"]
[EventCountry "CAN"]

1. d4 e6 2. c4 Bb4+ 3. Bd2 Qe7 4. Nf3 f5 5. g3 b6 6. Bg2 Bb7 7. O-O Bxd2 8.
Nfxd2 Bxg2 9. Kxg2 Nf6 10. Nc3 Nc6 11. Nf3 O-O 12. Rc1 d6 13. d5 Nd8 14. dxe6
Nxe6 15. Nd5 Qf7 16. Nd4 Nxd4 17. Qxd4 Rae8 18. Nxf6+ Qxf6 19. Qxf6 Rxf6 20. e3
Re5 21. b4 a5 22. a3 Rf8 23. Rfd1 axb4 24. axb4 Ra8 25. c5 bxc5 26. bxc5 Rxc5
27. Rxc5 dxc5 28. Rd5 g6 29. Rxc5 Rc8 30. Kf3 Kf7 31. h4 Ke6 32. h5 Kd6 33. Ra5
c5 34. hxg6 hxg6 35. Ke2 Rc6 36. Kd3 Kd5 37. f3 Rb6 38. Kc3 Re6 39. Kd3 Rb6 40.
Ra3 Re6 41. Rc3 Ra6 42. e4+ fxe4+ 43. fxe4+ Kd6 44. Ke3 Rc6 45. Rd3+ Ke6 46.
Rc3 1/2-1/2

[Event "Outaouais op"]
[Site "Hull CAN"]
[Date "1984.11.24"]
[Round "2"]
[White "Sarkar, Prosanto"]
[Black "Brodie, Hugh"]
[Result "1-0"]
[WhiteElo "2135"]
[BlackElo "1975"]
[PlyCount "65"]
[EventDate "1984.11.24"]
[EventType "swiss"]
[EventRounds "5"]
[EventCountry "CAN"]

1. e4 c5 2. Nf3 Nc6 3. Bb5 g6 4. O-O Bg7 5. Bxc6 bxc6 6. d3 d6 7. Nc3 Nf6 8. e5
Nd5 9. exd6 Nxc3 10. dxe7 Qxe7 11. bxc3 Bxc3 12. Rb1 O-O 13. Bg5 Qc7 14. Nd2
Bg7 15. Qf3 Be6 16. Ne4 c4 17. Nf6+ Kh8 18. d4 Rad8 19. c3 Qc8 20. Qf4 Bf5 21.
Rbc1 Qe6 22. Rfe1 Qd6 23. Qh4 h6 24. g4 Bd3 25. Re3 Bxf6 26. Bxf6+ Kg8 27. Rh3
h5 28. gxh5 Rd7 29. hxg6 fxg6 30. Qh8+ Kf7 31. Qg7+ Ke6 32. Re1+ Kd5 33. Rh5+
1-0

[Event "Outaouais op"]
[Site "Hull CAN"]
[Date "1984.11.24"]
[Round "3"]
[White "Brodie, Hugh"]
[Black "Coulombe, Serge"]
[Result "1-0"]
[WhiteElo "1975"]
[BlackElo "1730"]
[PlyCount "83"]
[EventDate "1984.11.24"]
[EventType "swiss"]
[EventRounds "5"]
[EventCountry "CAN"]

1. f4 d5 2. Nf3 c5 3. b3 Nf6 4. Bb2 e6 5. e3 Be7 6. Ne5 O-O 7. Be2 Nbd7 8. O-O
Qc7 9. d3 b6 10. Nd2 Bb7 11. Qe1 Ne8 12. Ndf3 f6 13. Ng4 Nd6 14. Nh4 Qd8 15.
Qg3 Kh8 16. f5 exf5 17. Nxf5 Nxf5 18. Rxf5 Rg8 19. Rh5 Nf8 20. Rf1 d4 21. e4
Bd6 22. Qh3 Bc8 23. Bc1 Qe7 24. Bf3 Be5 25. Qh4 Bxg4 26. Bxg4 Re8 27. Qh3 b5
28. Bd7 Qxd7 29. Rxh7+ Nxh7 30. Qxd7 a6 31. Rf3 Rc8 32. Rh3 Rc7 33. Qg4 g5 34.
Qf5 Rgg7 35. Rh5 Kg8 36. h4 Bf4 37. Bxf4 gxf4 38. Qxf4 Rcf7 39. Rxc5 Rg6 40. h5
Rgg7 41. Rc8+ Nf8 42. Rc6 1-0

[Event "Outaouais op"]
[Site "Hull CAN"]
[Date "1984.11.25"]
[Round "4"]
[White "Winterton, Ken"]
[Black "Brodie, Hugh"]
[Result "1-0"]
[WhiteElo "2055"]
[BlackElo "1975"]
[PlyCount "107"]
[EventDate "1984.11.24"]
[EventType "swiss"]
[EventRounds "5"]
[EventCountry "CAN"]

1. d4 e6 2. Nf3 f5 3. g3 b6 4. Bg2 Bb7 5. c4 Nf6 6. Nc3 Bb4 7. O-O O-O 8. e3
Bxc3 9. bxc3 Qe8 10. Ba3 d6 11. c5 Ne4 12. cxd6 cxd6 13. Rc1 Rf6 14. Nd2 e5 15.
Nxe4 Bxe4 16. Bxe4 fxe4 17. Qg4 Qc6 18. dxe5 dxe5 19. Rfd1 Na6 20. Rd7 Rg6 21.
Qd1 Re6 22. Rd8+ Rxd8 23. Qxd8+ Re8 24. Qd2 Nc5 25. Bxc5 Qxc5 26. Rd1 h6 27.
Kg2 Re7 28. h3 Qc4 29. Qd8+ Kf7 30. Rd7 Qe6 31. Rxe7+ Qxe7 32. Qd5+ Kf6 33.
Qxe4 Qa3 34. Qc6+ Kf7 35. Qc4+ Kf6 36. Qb4 Qxa2 37. c4 Qa5 38. Qf8+ Kg6 39.
Qd6+ Kf7 40. Qd7+ Kf6 41. Qd8+ Kf7 42. Qc7+ Kf6 43. Kf3 e4+ 44. Kg2 Qf5 45.
Qxa7 Qf3+ 46. Kg1 Qd1+ 47. Kh2 Qe2 48. Qxb6+ Ke7 49. Qb7+ Ke6 50. Qc6+ Ke5 51.
Qd5+ Kf6 52. Qd6+ Kf7 53. Qf4+ Kg8 54. c5 1-0

[Event "Toronto int"]
[Site "Toronto CAN"]
[Date "1984.07.21"]
[Round "1"]
[White "Markovic, Eric"]
[Black "Brodie, Hugh"]
[Result "0-1"]
[WhiteElo "1850"]
[BlackElo "1980"]
[PlyCount "58"]
[EventDate "1984.07.21"]
[EventType "swiss"]
[EventRounds "10"]
[EventCountry "CAN"]

1. c4 e5 2. Nf3 Nc6 3. Nc3 Nf6 4. d4 exd4 5. Nxd4 Bb4 6. Bg5 Bxc3+ 7. bxc3 d6
8. g3 h6 9. Bf4 O-O 10. Bg2 Bd7 11. O-O Re8 12. Re1 Ne4 13. Qc2 Nc5 14. Bd5 Qf6
15. Rad1 Ne5 16. Bxe5 Rxe5 17. Nb3 Bf5 18. Qc1 Ne4 19. Nd4 Rae8 20. Nxf5 Qxf5
21. f3 Nc5 22. f4 Rxe2 23. Bg2 Nd3 24. Rxe2 Rxe2 25. Rxd3 Qxd3 26. Bf1 Qe3+ 27.
Qxe3 Rxe3 28. Bg2 c6 29. Kf2 Rxc3 0-1

[Event "Toronto int"]
[Site "Toronto CAN"]
[Date "1984.07.22"]
[Round "2"]
[White "Brodie, Hugh"]
[Black "Bergeron, Florian"]
[Result "1/2-1/2"]
[WhiteElo "1980"]
[BlackElo "1900"]
[PlyCount "34"]
[EventDate "1984.07.21"]
[EventType "swiss"]
[EventRounds "10"]
[EventCountry "CAN"]

1. f4 Nf6 2. Nf3 b6 3. b3 Bb7 4. e3 g6 5. Bb2 Bg7 6. Be2 O-O 7. O-O d6 8. Qe1
Nbd7 9. Qh4 e6 10. Bb5 c6 11. Be2 Ne4 12. Bxg7 Qxh4 13. Nxh4 Kxg7 14. Bf3 d5
15. d3 Nd6 16. Nd2 f6 17. g3 e5 1/2-1/2

[Event "Toronto int"]
[Site "Toronto CAN"]
[Date "1984.07.22"]
[Round "3"]
[White "Moffat, Andrei"]
[Black "Brodie, Hugh"]
[Result "1/2-1/2"]
[WhiteElo "1895"]
[BlackElo "1980"]
[PlyCount "100"]
[EventDate "1984.07.21"]
[EventType "swiss"]
[EventRounds "10"]
[EventCountry "CAN"]

1. g3 e5 2. Bg2 Nc6 3. d3 d6 4. Nf3 g6 5. c4 Bg7 6. Nc3 Nge7 7. Bd2 O-O 8. Nd5
Bd7 9. b4 e4 10. dxe4 Bxa1 11. Qxa1 Nxd5 12. exd5 Ne5 13. Nxe5 dxe5 14. Qxe5 f6
15. Qd4 Qc8 16. O-O Bh3 17. Re1 Bxg2 18. Kxg2 Qd7 19. e4 b6 20. Bc3 h5 21. e5
fxe5 22. Rxe5 Qg7 23. Qe3 Qh7 24. Re7 Rf7 25. Re8+ Rxe8 26. Qxe8+ Rf8 27. Qe6+
Qf7 28. Qxf7+ Rxf7 29. f4 Kf8 30. Kf3 Ke8 31. Ke4 Kd7 32. Be5 a5 33. bxa5 bxa5
34. a4 Rf8 35. Bc3 Re8+ 36. Kf3 Rb8 37. Ke4 Re8+ 38. Kf3 Ra8 39. g4 Rb8 40. Ke4
hxg4 41. f5 gxf5+ 42. Kxf5 Rb3 43. Bxa5 Ra3 44. c5 Rxa4 45. Be1 Rc4 46. Bf2 Rc2
47. c6+ Kd6 48. Bg3+ Kxd5 49. Bxc7 Rc5 50. Kxg4 Ke6 1/2-1/2

[Event "Toronto int"]
[Site "Toronto CAN"]
[Date "1984.07.23"]
[Round "4"]
[White "Brodie, Hugh"]
[Black "Lee, Tom"]
[Result "1/2-1/2"]
[WhiteElo "1980"]
[BlackElo "1880"]
[PlyCount "38"]
[EventDate "1984.07.21"]
[EventType "swiss"]
[EventRounds "10"]
[EventCountry "CAN"]

1. f4 d5 2. e3 Nf6 3. b3 c6 4. Bb2 Qc7 5. Be2 Nbd7 6. Nf3 e6 7. O-O Bd6 8. d4
b6 9. Ne5 Ne4 10. Bd3 g6 11. Nd2 f5 12. Ndf3 Ndf6 13. Qe2 Bb7 14. Rac1 O-O 15.
c4 Rac8 16. cxd5 exd5 17. Bb5 Bxe5 18. Nxe5 Qd6 19. Bd3 Kg7 1/2-1/2

[Event "Toronto int"]
[Site "Toronto CAN"]
[Date "1984.07.24"]
[Round "5"]
[White "Brodie, Hugh"]
[Black "Leblanc, Gerald"]
[Result "1/2-1/2"]
[WhiteElo "1980"]
[BlackElo "1735"]
[PlyCount "64"]
[EventDate "1984.07.21"]
[EventType "swiss"]
[EventRounds "10"]
[EventCountry "CAN"]

1. e4 e5 2. Nc3 Nf6 3. f4 d5 4. fxe5 Nxe4 5. Nf3 Nc6 6. Bb5 Nxc3 7. bxc3 a6 8.
Bxc6+ bxc6 9. d4 Be7 10. O-O O-O 11. a4 c5 12. Ba3 c4 13. Bxe7 Qxe7 14. a5 Rb8
15. Qc1 Bd7 16. Rb1 h6 17. Rb2 Qd8 18. Qa1 c6 19. Rfb1 Rb5 20. Rxb5 cxb5 21.
Qa3 Bf5 22. Ne1 Re8 23. Ra1 Re6 24. Qc1 Qh4 25. g3 Qe7 26. Ng2 Be4 27. Nf4 Rc6
28. Qd2 Qd7 29. Rf1 Qd8 30. Ra1 Qd7 31. Rf1 Qd8 32. Ra1 Qd7 1/2-1/2

[Event "Toronto int"]
[Site "Toronto CAN"]
[Date "1984.07.25"]
[Round "6"]
[White "Peckford, William"]
[Black "Brodie, Hugh"]
[Result "1-0"]
[WhiteElo "1900"]
[BlackElo "1980"]
[PlyCount "104"]
[EventDate "1984.07.21"]
[EventType "swiss"]
[EventRounds "10"]
[EventCountry "CAN"]

1. d4 e6 2. c4 Bb4+ 3. Bd2 Qe7 4. e4 d5 5. a3 Bxd2+ 6. Nxd2 dxe4 7. Nxe4 Nf6 8.
Bd3 Nbd7 9. Ng3 c5 10. Nf3 cxd4 11. Nxd4 O-O 12. O-O Ne5 13. Qc2 Rd8 14. Rad1
Kh8 15. Be2 Bd7 16. Rd2 Rac8 17. Rfd1 Bc6 18. Nxc6 Nxc6 19. Bf3 Rxd2 20. Rxd2
Ne5 21. Be2 h6 22. Qa4 a6 23. h3 Qc7 24. Rd4 Qc5 25. Qd1 Nc6 26. Rd2 e5 27. b4
Qe7 28. Nf5 Qe6 29. Nd6 Rc7 30. c5 Qe7 31. Bc4 Qf8 32. Qb3 Kg8 33. Rd3 Nd4 34.
Qb2 Ne8 35. Ne4 Kh8 36. f4 f5 37. Nf2 Nc6 38. fxe5 Qe7 39. e6 Nf6 40. Nd1 Ne4
41. Ne3 f4 42. Nd5 Qh4 43. Rf3 Rc8 44. Rxf4 Qe1+ 45. Rf1 Qg3 46. Qe2 Ng5 47. e7
Ne5 48. Rf8+ Kh7 49. Kh1 Nxh3 50. gxh3 Qxh3+ 51. Qh2 Qxa3 52. Qxe5 Qc1+ 1-0

[Event "Toronto int"]
[Site "Toronto CAN"]
[Date "1984.07.26"]
[Round "7"]
[White "Kuhner, Mary"]
[Black "Brodie, Hugh"]
[Result "0-1"]
[WhiteElo "1850"]
[BlackElo "1980"]
[PlyCount "106"]
[EventDate "1984.07.21"]
[EventType "swiss"]
[EventRounds "10"]
[EventCountry "CAN"]

1. e4 c5 2. Nf3 Nc6 3. d4 cxd4 4. Nxd4 g6 5. Nc3 Bg7 6. Be3 Nf6 7. Bc4 Qa5 8.
Nb3 Qc7 9. O-O d6 10. Be2 O-O 11. f4 a6 12. a4 Be6 13. Nd5 Bxd5 14. exd5 Nb4
15. c4 a5 16. Nd4 Na6 17. f5 Nc5 18. g4 Nfd7 19. Rf3 Rfe8 20. Rh3 Be5 21. Qe1
Bxd4 22. Bxd4 g5 23. Rh6 Nb3 24. Rd1 Nxd4 25. Rxd4 Kg7 26. Rh3 h6 27. Rc3 Nb6
28. b3 Rac8 29. Re4 Nxd5 30. Rd3 Nf4 31. Rde3 e5 32. fxe6 Rxe6 33. Rxe6 fxe6
34. Bd1 Qc5 35. Kh1 b6 36. Bc2 Rf8 37. Rf3 Qd4 38. h3 Rf7 39. Kh2 Kg8 40. Re3
Kg7 41. Re4 Qc5 42. Re3 Qc6 43. Be4 Qc7 44. Kh1 Qc5 45. Bb1 Qd4 46. Bc2 Qf6 47.
Kh2 e5 48. Bf5 Ne6 49. Kg2 Nd4 50. Be4 Qd8 51. Qb1 Qf8 52. Qe1 Rf4 53. Bd3 Nxb3
0-1

[Event "Toronto int"]
[Site "Toronto CAN"]
[Date "1984.07.27"]
[Round "8"]
[White "Brodie, Hugh"]
[Black "Bokhout, Peter"]
[Result "1/2-1/2"]
[WhiteElo "1980"]
[BlackElo "1960"]
[PlyCount "121"]
[EventDate "1984.07.21"]
[EventType "swiss"]
[EventRounds "10"]
[EventCountry "CAN"]

1. f4 d5 2. e3 Nf6 3. b3 g6 4. Bb2 Bg7 5. Nf3 O-O 6. Be2 c5 7. O-O Nc6 8. Bb5
Qb6 9. Bxc6 Qxc6 10. Qe1 b5 11. d3 a5 12. c4 bxc4 13. bxc4 dxc4 14. dxc4 Bf5
15. Ne5 Qc7 16. Nc3 Ne4 17. Nb5 Qc8 18. Rd1 Be6 19. Rc1 Qb7 20. Qe2 Rfd8 21.
Rfd1 h5 22. Qc2 h4 23. a4 Bf5 24. Qe2 h3 25. gxh3 Bxh3 26. Qf3 Bf5 27. Ba1 Qb6
28. Qg2 Rxd1+ 29. Rxd1 Rd8 30. Qe2 Rxd1+ 31. Qxd1 Nd6 32. Qc1 Qb7 33. Qf1 Qe4
34. Kf2 Qc2+ 35. Kg1 Qxa4 36. Qc1 Nxc4 37. Nc3 Qb4 38. Nd5 Qa4 39. Nxc4 Bxa1
40. Nxe7+ Kf8 41. Nxf5 gxf5 42. Nd6 Bh8 43. Nb7 Qa1 44. Qxa1 Bxa1 45. Nxa5 Bc3
46. Nb7 Bb4 47. Nd6 Ke7 48. Nxf5+ Ke6 49. Ng3 c4 50. Kf2 c3 51. Ne2 Kd5 52. Nd4
Kc4 53. Ke2 Be7 54. Nc2 f5 55. Nd4 Bc5 56. Nc2 Be7 57. h3 Bh4 58. Nd4 Bf6 59.
Nc2 Bh4 60. Na1 Be7 61. Nc2 1/2-1/2

[Event "Toronto int"]
[Site "Toronto CAN"]
[Date "1984.07.28"]
[Round "9"]
[White "Brodie, Hugh"]
[Black "Elieff, Kosta"]
[Result "1-0"]
[WhiteElo "1980"]
[BlackElo "1935"]
[PlyCount "45"]
[EventDate "1984.07.21"]
[EventType "swiss"]
[EventRounds "10"]
[EventCountry "CAN"]

1. b3 e5 2. Bb2 Nc6 3. e3 d6 4. Bb5 Bd7 5. d3 Nf6 6. Nf3 g6 7. O-O Bg7 8. c4
O-O 9. Bxc6 bxc6 10. Nc3 Re8 11. Ne2 c5 12. Ng3 e4 13. dxe4 Nxe4 14. Bxg7 Kxg7
15. Qc2 Bc6 16. Rad1 Qf6 17. Ne2 Ng5 18. Nxg5 Qxg5 19. Qc3+ f6 20. Nf4 Bf3 21.
Rd2 Re4 22. Rd5 Re5 23. Ne6+ 1-0

[Event "Toronto int"]
[Site "Toronto CAN"]
[Date "1984.07.29"]
[Round "10"]
[White "Brodie, Hugh"]
[Black "Girard, Robin"]
[Result "1/2-1/2"]
[WhiteElo "1980"]
[BlackElo "1910"]
[PlyCount "52"]
[EventDate "1984.07.21"]
[EventType "swiss"]
[EventRounds "10"]
[EventCountry "CAN"]

1. e4 c5 2. Nf3 d6 3. Bd3 Nc6 4. c3 Nf6 5. Bc2 Bg4 6. h3 Bxf3 7. Qxf3 g6 8. O-O
Bg7 9. d3 O-O 10. Nd2 Nd7 11. Qe2 b5 12. Nf3 Rb8 13. Rd1 b4 14. d4 bxc3 15.
bxc3 Qa5 16. Bd2 Rb2 17. Bb3 Nb6 18. Rab1 Qxc3 19. Rxb2 Qxb2 20. Qb5 c4 21.
Bxc4 Nxd4 22. Qxb2 Nxf3+ 23. gxf3 Bxb2 24. Bb3 Rc8 25. Be3 Rc6 26. Kf1 a5
1/2-1/2

[Event "CAN-op"]
[Site "Ottawa CAN"]
[Date "1984.07.07"]
[Round "1"]
[White "Beaudry, Renaud"]
[Black "Brodie, Hugh"]
[Result "0-1"]
[WhiteElo "1700"]
[BlackElo "1980"]
[PlyCount "84"]
[EventDate "1984.07.07"]
[EventType "swiss"]
[EventRounds "9"]
[EventCountry "CAN"]

1. Nf3 e6 2. b3 f5 3. Bb2 Nf6 4. g3 b6 5. Bg2 Bb7 6. d3 Bb4+ 7. Nbd2 O-O 8. O-O
Bxd2 9. Qxd2 Qe8 10. Rfe1 d6 11. e4 fxe4 12. Ng5 e5 13. Nxe4 Nxe4 14. Bxe4 Bxe4
15. Rxe4 Qg6 16. Rae1 Nd7 17. c4 Nc5 18. R4e3 Ne6 19. b4 Rf6 20. d4 exd4 21.
Bxd4 Nxd4 22. Qxd4 Raf8 23. Qd5+ Kh8 24. R1e2 h6 25. Re7 R6f7 26. Re8 Rxf2 27.
Rxf8+ Rxf8 28. Kg2 Qf6 29. Qe4 Kg8 30. Qd5+ Qf7 31. Qe4 Qf5 32. Qe3 d5 33. cxd5
Qxd5+ 34. Qe4 Qxe4+ 35. Rxe4 c5 36. g4 g6 37. a3 Rf6 38. h4 cxb4 39. axb4 Kf8
40. Kg3 Kf7 41. Rf4 Rxf4 42. Kxf4 a5 0-1

[Event "CAN-op"]
[Site "Ottawa CAN"]
[Date "1984.07.08"]
[Round "2"]
[White "Brodie, Hugh"]
[Black "Barclay, Wayne"]
[Result "0-1"]
[WhiteElo "1980"]
[BlackElo "2145"]
[PlyCount "84"]
[EventDate "1984.07.07"]
[EventType "swiss"]
[EventRounds "9"]
[EventCountry "CAN"]

1. f4 b5 2. Nf3 Bb7 3. e3 a6 4. b3 Nf6 5. Bb2 g6 6. Be2 Bg7 7. O-O O-O 8. Ne5
d6 9. Nd3 Nbd7 10. Bf3 Bxf3 11. Qxf3 Re8 12. e4 e5 13. f5 g5 14. Nc3 h5 15. Nf2
Bh6 16. g4 h4 17. Rad1 c6 18. d3 Qb6 19. Bc1 a5 20. Be3 Qb7 21. Nh3 Nh7 22. Qg2
f6 23. Qd2 b4 24. Ne2 d5 25. exd5 cxd5 26. d4 Rad8 27. c3 Bf8 28. cxb4 Bxb4 29.
Qb2 exd4 30. Bxd4 Ne5 31. Nf2 Qa6 32. Nc1 Qd6 33. Kg2 Nf8 34. Ncd3 Ba3 35. Qd2
h3+ 36. Nxh3 Nxg4 37. Kh1 Re4 38. Bb2 Bxb2 39. Qxb2 Ne3 40. Qe2 Nxd1 41. Qxd1
Rde8 42. Qh5 R8e7 0-1

[Event "CAN-op"]
[Site "Ottawa CAN"]
[Date "1984.07.08"]
[Round "3"]
[White "Brodie, Hugh"]
[Black "Chyurlia, Jerome"]
[Result "1-0"]
[WhiteElo "1980"]
[BlackElo "1549"]
[PlyCount "33"]
[EventDate "1984.07.07"]
[EventType "swiss"]
[EventRounds "9"]
[EventCountry "CAN"]

1. f4 g6 2. e4 d6 3. d4 Bg7 4. Nc3 c6 5. Be3 Qc7 6. Nf3 Bg4 7. Bc4 Bxf3 8. Qxf3
e5 9. dxe5 dxe5 10. f5 Nd7 11. fxg6 f6 12. gxh7 Nh6 13. Bxh6 Rxh7 14. Bxg7 Rxg7
15. Qh5+ Ke7 16. Qh6 Rxg2 17. Qh7+ 1-0